00426nam a2200169Ia 4500003000400000005001700004008004100021020001800062040000700080041000800087082002500095100002000120245004900140260003800189300001600227365001300243OSt20230516124145.0210423s2010 xx 000 0 und d a9788184894752 cAL aeng a574.87322223b LEEM aLEE (Mei-Ling). aAnalysis of microarray gene expression data. aNew DelhibSpringer Pvt Ltdc2010 axvi,371bPB b595cINR